00682nam a22002057a 450000500170000001000150001702000260003203500140005803700140007208200100008610000260009624500440012225000060016626000410017227000480021330000200026194200240028199900190030595201520032420250224103710.0 aENG-143880 a9789382636106c445.00 aEN-127412 aDPLbDBAD a230.8 aTiwari, Rakesh978497 aTemple of Tamil Nadu/cby Rakesh Tiwari a1 aAllahabadbChandra Publicationc2015 a5-C/10, Khusro Bagh RoadbAllahabade211001 a152p.c22cm(hb) 2ddccENmTIWh230.8 c209636d209636 001040708NFICaLbLd2025-02-24eDelivery of Books Act Divisiong445.00l0o230.8 TIWpEN-127412r2025-02-24 00:00:00t1v445.00w2025-02-24yEN